Письмо редактора-издателя журнала "Русский вестник страхования" Вл. Лаврентьева графу С.Д. Шереметеву, с просьбой принять участи...

Доступно только в Электронных читальных залах Найти на картеНа карте
RUSMARC
00003888nmc2a22002413x 450
001ba30108c-0fd7-4b89-abd4-7cfd5bfdccc1
00520240802201352.0
100##$a20240409l18881888k l0rusy0189 ca
1010#$arus
102##$aRU
105##$ay###
1220#$ad
2001#$aПисьмо редактора-издателя журнала "Русский вестник страхования" Вл. Лаврентьева графу С.Д. Шереметеву, с просьбой принять участие в товариществе, учреждаемом крестьянином Федулом Григорьевичем Бабаевым для реализации своего изобретения огнеупорного вещества
$j15 октября 1888 г.
215##$a2 л.
$d31х25,5 см
251##$cДело
300##$aЛичные документы, работы, документы, связанные со служебной и общественной деятельностью, и переписка. Граф Сергей Дмитриевич Шереметев. Письма графу С.Д. Шереметеву
371##$aДокумент не является опубликованным и широко распространяемым
461#0$100198b93a77-94f0-46bb-a7e0-b5027cc72a67
$12001
$aШереметевы, графы
$1251
$cФонд
$1852
$j1088
462#0$1001f8aa069d-6a31-49c8-8389-29da9a650357
$12001
$aЛичные документы, работы, документы, связанные со служебной и общественной деятельностью, и переписка графа С.Д. Шереметева и членов его семьи
$1251
$cОпись
$1852
$j2
801#0$aRU
$bРГИА
$c20240409
$gRCR
801#1$aRU
$bГлавНИВЦ
$c20240409
$2rusmarc
801#2$aRU
$bПБ им. Б.Н. Ельцина
$c20240802
$gRCR
$2rusmarc
850##$aРГИА
852##$aРГИА
$eФедеральное казенное учреждение "Российский государственный исторический архив" (РГИА)
$j81
937##$hРГИА
$d12414949
$aASBIBLIO_SCAN
035##$aRusGRCC00075042
856##$uhttp://readingroom.main.prlib.ru/item.aspx?id_node=n193413197&mode=full
Формат отображения